[Event "Bad Wörishofen op 2012 28th"]
[Site "Bad Wörishofen (2.3.-10.3)"]
[Date "2012.03.10"]
[Round "9.51"]
[White "Herold, Gunther"]
[Black "Guggenberger, Guido"]
[Result "0-1"]
[WhiteElo "1723"]
[BlackElo "1950"]
[PlyCount "72"]
[EventDate "2012.03.??"]
[EventType "swiss"]
[EventRounds "9"]
[EventCountry "GER"]
[SourceDate "2013.02.18"]
[WhiteTeam "Obergünzburg SC"]
[BlackTeam "München Tarrasch SC"]

1. f4 d5 2. Nf3 c6 3. e3 Bg4 4. h3 Bxf3 5. Qxf3 Nd7 6. b3 e5 7. Bb2 Bd6 8. d3
Qe7 9. g3 Ngf6 10. Nd2 O-O-O 11. O-O-O Ba3 12. g4 Ne8 13. fxe5 Bxb2+ 14. Kxb2
Nxe5 15. Qf5+ Kb8 16. d4 Nd7 17. e4 dxe4 18. Nxe4 Ndf6 19. Nxf6 Qxf6 20. Qxf6
Nxf6 21. Bc4 Ne4 22. Rhf1 f6 23. c3 Kc7 24. Rde1 Nd2 25. Re7+ Rd7 26. Rfe1
Nxc4+ 27. bxc4 Kd8 28. R7e6 Rf8 29. Kb3 g6 30. Rf1 Rdf7 31. d5 Kd7 32. Re4 Re8
33. Ref4 Ref8 34. Rd1 c5 35. g5 Re8 36. d6 f5 0-1

[Event "Bad Wörishofen op 2012 28th"]
[Site "Bad Wörishofen (2.3.-10.3)"]
[Date "2012.03.10"]
[Round "9.52"]
[White "Diotallevi, Maurizio"]
[Black "Ries, Heinz-Gerd Dr"]
[Result "1-0"]
[WhiteElo "1999"]
[BlackElo "1740"]
[PlyCount "65"]
[EventDate "2012.03.??"]
[EventType "swiss"]
[EventRounds "9"]
[EventCountry "GER"]
[SourceDate "2013.02.18"]
[WhiteTeam "ITA/Italien"]
[BlackTeam "Muengersdorf SF"]
[WhiteTeamCountry "ITA"]

1. d4 d5 2. c4 e6 3. Nc3 Nf6 4. Bg5 Be7 5. e3 Nbd7 6. Qc2 h6 7. Bf4 c6 8. h3
O-O 9. Nf3 Re8 10. cxd5 exd5 11. Bd3 Bb4 12. O-O Bxc3 13. bxc3 b5 14. a4 Ba6
15. Rfb1 Qb6 16. Qe2 Ne4 17. Ra3 Rac8 18. Nd2 Ndf6 19. f3 Nxd2 20. Qxd2 Re6 21.
Bf5 Rce8 22. Bxe6 Rxe6 23. Rba1 g5 24. Bh2 b4 25. cxb4 Bc4 26. Rc1 a6 27. g4
Qd8 28. e4 Qe8 29. e5 Nd7 30. f4 f6 31. f5 Re7 32. e6 Nf8 33. Bd6 1-0

[Event "Bad Wörishofen op 2012 28th"]
[Site "Bad Wörishofen (2.3.-10.3)"]
[Date "2012.03.10"]
[Round "9.53"]
[White "Blaeser, Romain"]
[Black "Wilms, Robert"]
[Result "1/2-1/2"]
[WhiteElo "1869"]
[BlackElo "1867"]
[PlyCount "103"]
[EventDate "2012.03.??"]
[EventType "swiss"]
[EventRounds "9"]
[EventCountry "GER"]
[SourceDate "2013.02.18"]
[WhiteTeam "LUX/Luxemburg"]
[BlackTeam "Hamburg 1934 SF"]
[WhiteTeamCountry "LUX"]

1. g3 Nf6 2. Bg2 g6 3. b4 Bg7 4. Bb2 O-O 5. c4 d6 6. d3 e5 7. Nd2 Nc6 8. a3 Ne7
9. Ngf3 a5 10. O-O axb4 11. axb4 Rxa1 12. Qxa1 b6 13. Ne1 g5 14. Nc2 Ng6 15. c5
bxc5 16. bxc5 Be6 17. Ne3 Qd7 18. Ndc4 Bh3 19. Bxh3 Qxh3 20. cxd6 cxd6 21. Nxd6
h5 22. Qa4 Nf4 23. f3 Nxe2+ 24. Kf2 Qxh2+ 25. Ng2 Qxg3+ 26. Kxe2 Qxg2+ 27. Rf2
Qh3 28. Bxe5 Qe6 29. d4 Nd5 30. Ne4 Bxe5 31. dxe5 Qxe5 32. Kf1 Rb8 33. Qa2 Nc3
34. Nxc3 Qxc3 35. Qd5 Rb1+ 36. Kg2 Qf6 37. Qa2 Ra1 38. Qd5 Kg7 39. Rc2 h4 40.
Qe4 Qd6 41. Qg4 Rg1+ 42. Kxg1 Qd1+ 43. Kg2 Qxc2+ 44. Kh3 Kg6 45. Qd4 Qf5+ 46.
Kg2 h3+ 47. Kg3 Qf4+ 48. Qxf4 gxf4+ 49. Kxh3 Kf5 50. Kh4 Ke5 51. Kg5 f5 52. Kg6
1/2-1/2

[Event "Bad Wörishofen op 2012 28th"]
[Site "Bad Wörishofen (2.3.-10.3)"]
[Date "2012.03.10"]
[Round "9.54"]
[White "Mueller, Wolfgang(10.61)"]
[Black "Remensberger, Hansuli"]
[Result "0-1"]
[WhiteElo "1753"]
[BlackElo "2018"]
[PlyCount "64"]
[EventDate "2012.03.??"]
[EventType "swiss"]
[EventRounds "9"]
[EventCountry "GER"]
[SourceDate "2013.02.18"]
[WhiteTeam "Marktoberdorf SK"]
[BlackTeam "SUI/Schweiz"]
[BlackTeamCountry "SUI"]

1. e4 e6 2. d4 d5 3. Nc3 Nc6 4. e5 f6 5. exf6 Qxf6 6. Nf3 Bd7 7. Bg5 Qf7 8. Bd3
Nge7 9. a3 g6 10. Qe2 O-O-O 11. O-O-O Bg7 12. Be3 h6 13. Nb5 Kb8 14. Kb1 Nf5
15. Bf4 Rc8 16. Be5 Nxe5 17. dxe5 Bxb5 18. Bxb5 Rhd8 19. Bd3 Ne7 20. Nd4 c5 21.
Qf3 Qxf3 22. Nxf3 c4 23. Bf1 Nc6 24. Re1 Rf8 25. Nh4 g5 26. Ng6 Rxf2 27. g4 Bf8
28. h4 Bc5 29. hxg5 hxg5 30. c3 Rg8 31. Rh8 Rxh8 32. Nxh8 Rf8 0-1

[Event "Bad Wörishofen op 2012 28th"]
[Site "Bad Wörishofen (2.3.-10.3)"]
[Date "2012.03.10"]
[Round "9.55"]
[White "Harsch, Martin"]
[Black "Russ, Oliver(76)"]
[Result "1-0"]
[WhiteElo "1837"]
[BlackElo "1491"]
[PlyCount "85"]
[EventDate "2012.03.??"]
[EventType "swiss"]
[EventRounds "9"]
[EventCountry "GER"]
[SourceDate "2013.02.18"]
[WhiteTeam "SUI/Schweiz"]
[BlackTeam "Schwarzenberg-Raschau SG"]
[WhiteTeamCountry "SUI"]

1. e4 e5 2. Nf3 Nc6 3. Bb5 a6 4. Bxc6 dxc6 5. O-O Bg4 6. h3 Bxf3 7. Qxf3 Qf6 8.
Qg3 Qd6 9. d3 Nf6 10. Nd2 O-O-O 11. Nc4 Qe6 12. Qxe5 Re8 13. Qxe6+ Rxe6 14. Be3
Bd6 15. Rae1 h6 16. f4 Nd7 17. e5 Bc5 18. d4 Nb6 19. Nd2 Bf8 20. c4 f6 21. f5
Re8 22. e6 g5 23. b3 Be7 24. Rd1 h5 25. Ne4 Kb8 26. Rd3 Reg8 27. Bc1 g4 28. h4
Rd8 29. Rfd1 Nc8 30. d5 cxd5 31. Rxd5 Nd6 32. Nxd6 Bxd6 33. Bb2 Rhf8 34. Kf2
Kc8 35. Ke3 b6 36. Ke4 Be7 37. Rd7 Rxd7 38. Rxd7 Re8 39. Rxe7 Rxe7 40. Bxf6 Re8
41. Bg5 c6 42. Ke5 Kc7 43. f6 1-0

[Event "Bad Wörishofen op 2012 28th"]
[Site "Bad Wörishofen (2.3.-10.3)"]
[Date "2012.03.10"]
[Round "9.57"]
[White "Natterer, Winfried"]
[Black "Hipp, Hermann"]
[Result "0-1"]
[WhiteElo "1658"]
[BlackElo "1843"]
[PlyCount "90"]
[EventDate "2012.03.??"]
[EventType "swiss"]
[EventRounds "9"]
[EventCountry "GER"]
[SourceDate "2013.02.18"]
[WhiteTeam "Dietmannsried SC"]
[BlackTeam "Marktoberdorf SK"]

1. e4 c6 2. d4 d5 3. e5 e6 4. Nf3 c5 5. c3 Nc6 6. a3 Qb6 7. b4 c4 8. Be2 a5 9.
Bb2 Nge7 10. g4 h5 11. Ng5 h4 12. f4 axb4 13. axb4 Rxa1 14. Bxa1 Qa7 15. Bb2
Ng6 16. Rf1 Be7 17. Nh3 Bd7 18. Na3 Nxb4 19. Nxc4 dxc4 20. Bxc4 Nd5 21. Bxd5
exd5 22. f5 Nxe5 23. dxe5 Qe3+ 24. Qe2 Qxe2+ 25. Kxe2 Bb5+ 26. Ke1 Bxf1 27.
Kxf1 O-O 28. Bc1 Rc8 29. Bd2 Rc4 30. Nf2 d4 31. cxd4 Rxd4 32. Ke2 Ra4 33. g5
Ra2 34. Ne4 Bb4 35. Kd3 Bxd2 36. Nxd2 h3 37. Ke3 Kf8 38. Nf3 Rg2 39. Kf4 b5 40.
e6 b4 41. Nd4 Rxh2 42. f6 gxf6 43. gxf6 fxe6 44. Nxe6+ Kf7 45. Nc5 Rc2 0-1

[Event "Bad Wörishofen op 2012 28th"]
[Site "Bad Wörishofen (2.3.-10.3)"]
[Date "2012.03.10"]
[Round "9.58"]
[White "Fenske, Wolfgang"]
[Black "Koelbl, Jonathan"]
[Result "1/2-1/2"]
[WhiteElo "1761"]
[BlackElo "1848"]
[PlyCount "33"]
[EventDate "2012.03.??"]
[EventType "swiss"]
[EventRounds "9"]
[EventCountry "GER"]
[SourceDate "2013.02.18"]
[WhiteTeam "Hamburg KSpr. SC"]
[BlackTeam "Klosterlechfeld SK"]

1. Nf3 d6 2. d4 c6 3. c4 Bg4 4. e3 Nf6 5. Be2 Nbd7 6. O-O e5 7. dxe5 dxe5 8.
Nc3 Be7 9. Qc2 Qc7 10. h3 Bh5 11. a3 a5 12. b3 O-O 13. Bb2 Bg6 14. Bd3 Bxd3 15.
Qxd3 Nc5 16. Qc2 Ncd7 17. Rac1 1/2-1/2

[Event "Bad Wörishofen op 2012 28th"]
[Site "Bad Wörishofen (2.3.-10.3)"]
[Date "2012.03.10"]
[Round "9.59"]
[White "Deues, Erik"]
[Black "Marzec, Witold"]
[Result "1-0"]
[WhiteElo "1987"]
[BlackElo "1729"]
[PlyCount "85"]
[EventDate "2012.03.??"]
[EventType "swiss"]
[EventRounds "9"]
[EventCountry "GER"]
[SourceDate "2013.02.18"]
[WhiteTeam "Germering SK"]
[BlackTeam "Bonner SG "L""]

1. d4 d5 2. c4 e6 3. Nc3 Nf6 4. Bg5 Be7 5. Nf3 c6 6. e3 Nbd7 7. Bd3 h6 8. Bh4
O-O 9. Rc1 b6 10. O-O Bb7 11. Qe2 c5 12. Rfd1 Rc8 13. cxd5 exd5 14. dxc5 Rxc5
15. b4 Rc7 16. Bg3 Rc8 17. a3 Kh8 18. Nd4 g6 19. Ncb5 Rxc1 20. Rxc1 a5 21. Nd6
Qa8 22. Qb2 Bxd6 23. Bxd6 Rc8 24. Bc7 Kg8 25. Bb5 Ne8 26. Bf4 Rxc1+ 27. Qxc1
Ndf6 28. h3 Kh7 29. Be5 axb4 30. axb4 Qc8 31. Qa1 Nd7 32. Nf3 Nxe5 33. Qxe5 Ng7
34. Qe7 Bc6 35. Bxc6 Qxc6 36. Qxf7 Qc1+ 37. Kh2 Qc3 38. b5 h5 39. h4 Qc8 40.
Ng5+ Kh6 41. g3 Qd8 42. Qf4 Qe8 43. Ne4+ 1-0

[Event "Bad Wörishofen op 2012 28th"]
[Site "Bad Wörishofen (2.3.-10.3)"]
[Date "2012.03.10"]
[Round "9.60"]
[White "Von Saldern, Ruediger"]
[Black "Moors, Marc"]
[Result "1/2-1/2"]
[WhiteElo "1905"]
[BlackElo "1879"]
[PlyCount "144"]
[EventDate "2012.03.??"]
[EventType "swiss"]
[EventRounds "9"]
[EventCountry "GER"]
[SourceDate "2013.02.18"]
[WhiteTeam "Starnberger See SF"]
[BlackTeam "Brasschaat SK"]

1. d4 Nf6 2. Nf3 g6 3. Bg5 Bg7 4. e3 c6 5. Bd3 d5 6. O-O O-O 7. Nbd2 Nbd7 8. c4
e6 9. Rc1 Qe8 10. Bf4 Qd8 11. b4 dxc4 12. Nxc4 Nd5 13. Bd6 Re8 14. a3 N7b6 15.
Bg3 Nxc4 16. Bxc4 a5 17. e4 Nb6 18. Bb3 axb4 19. axb4 Nd7 20. d5 cxd5 21. exd5
Nf6 22. Bc7 Qd7 23. dxe6 fxe6 24. Qe2 Nd5 25. Be5 Qe7 26. Rfe1 Bd7 27. Bxg7
Qxg7 28. Ne5 Rac8 29. Rcd1 Nc3 30. Qd3 Bb5 31. Qd6 Qe7 32. Qxe7 Rxe7 33. Rd2
Nd5 34. Bxd5 exd5 35. Rxd5 Bc6 36. Rdd1 Bb5 37. f4 Rc2 38. Rc1 Rec7 39. Rxc2
Rxc2 40. Rb1 Kg7 41. Nf3 Bd3 42. Rd1 Be4 43. Rd7+ Kf6 44. Rxb7 Rb2 45. Ng5
Rxg2+ 46. Kf1 Bd5 47. Rd7 Rd2 48. Ne4+ Ke6 49. Nxd2 Kxd7 50. Ke2 Kc6 51. Kd3
Kb5 52. Kc3 Be6 53. Nf3 Bd5 54. Nd4+ Kb6 55. f5 gxf5 56. Nxf5 Be6 57. Nd4 Bh3
58. Kd3 Kc7 59. Ke4 Kd6 60. Nf5+ Kc6 61. Nd4+ Kd6 62. Nf3 Kc6 63. Ng5 Bg4 64.
Kf4 Bh5 65. Ne4 Kb5 66. Kg5 Bf3 67. Kf4 Bh5 68. Nd6+ Kxb4 69. Nb7 Kc4 70. Kg5
Bf3 71. Nd8 Kd5 72. h4 Ke5 1/2-1/2

[Event "Bad Wörishofen op 2012 28th"]
[Site "Bad Wörishofen (2.3.-10.3)"]
[Date "2012.03.10"]
[Round "9.61"]
[White "Malzer, Werner"]
[Black "Gerhards, Walter"]
[Result "1/2-1/2"]
[WhiteElo "1837"]
[BlackElo "1805"]
[PlyCount "84"]
[EventDate "2012.03.??"]
[EventType "swiss"]
[EventRounds "9"]
[EventCountry "GER"]
[SourceDate "2013.02.18"]
[WhiteTeam "Kirchenlaibach TSV"]
[BlackTeam "Ratinger SK"]

1. e4 e5 2. Nf3 Nc6 3. Bc4 Bc5 4. O-O d6 5. h3 Nf6 6. d3 Bd7 7. Bg5 Na5 8. Bb3
h6 9. Be3 Bb6 10. Nc3 Qe7 11. Nd5 Nxd5 12. Bxd5 c6 13. Bb3 O-O 14. c3 Nxb3 15.
Qxb3 Be6 16. Qc2 f5 17. Bxb6 fxe4 18. dxe4 Rxf3 19. Be3 Rf7 20. f4 Bc4 21. Rf2
exf4 22. Rxf4 Rxf4 23. Bxf4 Rf8 24. Bh2 Rf6 25. b3 Ba6 26. c4 Re6 27. Re1 d5
28. cxd5 cxd5 29. Qc8+ Kh7 30. e5 d4 31. Qc2+ d3 32. Qd2 Rc6 33. Rc1 Rg6 34.
Qe3 Qd7 35. Bf4 Qd5 36. Qf2 b6 37. Rd1 Rc6 38. Rd2 Rc1+ 39. Kh2 g5 40. Rxd3
Bxd3 41. Bxc1 Qxe5+ 42. g3 Kg6 1/2-1/2

[Event "Bad Wörishofen op 2012 28th"]
[Site "Bad Wörishofen (2.3.-10.3)"]
[Date "2012.03.10"]
[Round "9.63"]
[White "Walda, Michael"]
[Black "Reichenbacher, Gerhard"]
[Result "1-0"]
[WhiteElo "1831"]
[BlackElo "1733"]
[PlyCount "59"]
[EventDate "2012.03.??"]
[EventType "swiss"]
[EventRounds "9"]
[EventCountry "GER"]
[SourceDate "2013.02.18"]
[WhiteTeam "Niederräder TG"]
[BlackTeam "Coburger SV"]

1. e4 c5 2. c4 Nc6 3. Nf3 d6 4. d4 cxd4 5. Nxd4 Nf6 6. Nc3 g6 7. Be2 Nxd4 8.
Qxd4 Bg7 9. O-O O-O 10. Qd3 Be6 11. Rb1 Rc8 12. b3 Nd7 13. f3 Nc5 14. Qc2 f5
15. Be3 fxe4 16. Nxe4 Bf5 17. b4 d5 18. Bxc5 dxe4 19. fxe4 Rxc5 20. bxc5 Qd4+
21. Kh1 Bxe4 22. Rxf8+ Bxf8 23. Qd1 Qf2 24. Qf1 Qxc5 25. Rb5 Qc6 26. Bf3 Bg7
27. Rd5 Bxf3 28. Rd8+ Bf8 29. Qxf3 Qxf3 30. gxf3 1-0

[Event "Bad Wörishofen op 2012 28th"]
[Site "Bad Wörishofen (2.3.-10.3)"]
[Date "2012.03.10"]
[Round "9.64"]
[White "Funke, Joerg-Dietmar"]
[Black "Frei, Markus"]
[Result "0-1"]
[WhiteElo "1729"]
[BlackElo "1900"]
[PlyCount "52"]
[EventDate "2012.03.??"]
[EventType "swiss"]
[EventRounds "9"]
[EventCountry "GER"]
[SourceDate "2013.02.18"]
[WhiteTeam "Naunhof SC"]
[BlackTeam "Mörlenbach-Birkenau FB"]

1. e4 c5 2. Nf3 Nc6 3. d4 cxd4 4. Nxd4 Nf6 5. Nc3 e5 6. Nf3 Bb4 7. Bd2 Bxc3 8.
Bxc3 Nxe4 9. Qd3 Nxc3 10. Qxc3 O-O 11. O-O-O d5 12. g3 Bg4 13. Rd2 Qf6 14. Nh4
Rac8 15. Qb3 Nd4 16. Qxd5 Nf3 17. Be2 Rfd8 18. Bxf3 Rxd5 19. Bxd5 g5 20. f3
gxh4 21. fxg4 Rd8 22. gxh4 Qf4 23. c4 b5 24. b3 bxc4 25. bxc4 Qe3 26. Kc2 Rxd5
0-1

[Event "Bad Wörishofen op 2012 28th"]
[Site "Bad Wörishofen (2.3.-10.3)"]
[Date "2012.03.10"]
[Round "9.65"]
[White "Strasser, Josef"]
[Black "Dahmen, Juergen"]
[Result "1/2-1/2"]
[WhiteElo "1813"]
[BlackElo "1674"]
[PlyCount "25"]
[EventDate "2012.03.??"]
[EventType "swiss"]
[EventRounds "9"]
[EventCountry "GER"]
[SourceDate "2013.02.18"]
[WhiteTeam "München SU"]
[BlackTeam "Wolfbusch SV"]

1. e4 c5 2. Nf3 e6 3. b3 d6 4. Bb5+ Nd7 5. O-O a6 6. Be2 Ngf6 7. d3 Be7 8. c4
O-O 9. Bb2 Qc7 10. Nc3 b6 11. Qc2 Bb7 12. Rad1 Rac8 13. Nd2 1/2-1/2

[Event "Bad Wörishofen op 2012 28th"]
[Site "Bad Wörishofen (2.3.-10.3)"]
[Date "2012.03.10"]
[Round "9.66"]
[White "Koelbl, Wolfgang"]
[Black "Gajewski, Richard"]
[Result "1/2-1/2"]
[WhiteElo "1896"]
[BlackElo "1681"]
[PlyCount "128"]
[EventDate "2012.03.??"]
[EventType "swiss"]
[EventRounds "9"]
[EventCountry "GER"]
[SourceDate "2013.02.18"]
[WhiteTeam "Klosterlechfeld SK"]
[BlackTeam "Gunzenhausen FC"]

1. d4 e6 2. Nf3 b6 3. Bf4 Bb7 4. e3 Be7 5. Bd3 g5 6. Be5 Nf6 7. Nxg5 h5 8. Nd2
d6 9. Bxf6 Bxf6 10. Nge4 Nd7 11. Qe2 Qe7 12. c3 a5 13. O-O-O Bg7 14. f4 c5 15.
dxc5 bxc5 16. Bb5 d5 17. Bxd7+ Qxd7 18. Nxc5 Qc6 19. Nxb7 Qxb7 20. Nb3 Qc6 21.
Nd4 Qa4 22. Qb5+ Qxb5 23. Nxb5 Rb8 24. a4 Ke7 25. Kc2 Rhc8 26. h3 Rc4 27. Kb3
Bf6 28. g4 Re4 29. Rd3 Rh8 30. g5 Bg7 31. Nd4 Kd6 32. Rf1 Rg8 33. f5 Bxd4 34.
exd4 Rxg5 35. fxe6 Kxe6 36. Ka3 f5 37. b4 f4 38. b5 Re3 39. Rxe3+ fxe3 40. Rf3
h4 41. Rxe3+ Kd6 42. Kb3 Rg3 43. Re5 Rxh3 44. Rh5 Rh1 45. Rh6+ Kc7 46. Rh7+ Kb6
47. Rh5 h3 48. c4 dxc4+ 49. Kxc4 h2 50. Rh6+ Kc7 51. Kd5 Ra1 52. Rxh2 Rxa4 53.
Kc5 Ra1 54. Rh7+ Kc8 55. Kb6 a4 56. Ka7 a3 57. b6 Rb1 58. Rh2 Rb4 59. Rc2+ Kd7
60. Ra2 Ra4+ 61. Kb7 Ra5 62. d5 Ra4 63. Kb8 Ra5 64. Kb7 Ra4 1/2-1/2

[Event "Bad Wörishofen op 2012 28th"]
[Site "Bad Wörishofen (2.3.-10.3)"]
[Date "2012.03.10"]
[Round "9.67"]
[White "Margraf, Christoph"]
[Black "Bangert, Ruediger"]
[Result "1-0"]
[WhiteElo "1808"]
[BlackElo "1463"]
[PlyCount "75"]
[EventDate "2012.03.??"]
[EventType "swiss"]
[EventRounds "9"]
[EventCountry "GER"]
[SourceDate "2013.02.18"]
[WhiteTeam "Ansbach SC"]
[BlackTeam "GER/Erlangen Siemens SG"]
[BlackTeamCountry "GER"]

1. c4 Nf6 2. Nc3 g6 3. e4 d6 4. d4 Bg7 5. Nf3 O-O 6. Be2 c5 7. O-O cxd4 8. Nxd4
Nc6 9. Be3 Nxd4 10. Bxd4 a6 11. f3 e6 12. Qd2 Ne8 13. Bxg7 Kxg7 14. Rfd1 Qa5
15. a3 Qc5+ 16. Qd4+ Qxd4+ 17. Rxd4 e5 18. Rd2 f5 19. Bd1 Be6 20. Nd5 fxe4 21.
fxe4 Bxd5 22. Rxd5 Rf6 23. Ba4 Nc7 24. Rd2 Rd8 25. Rad1 b6 26. Bc6 Kf7 27. b4
Ke7 28. c5 bxc5 29. bxc5 Nb5 30. Bxb5 axb5 31. Rd5 Kd7 32. cxd6 Kc6 33. Rc1+
Kb6 34. d7 Re6 35. Rc8 Rxd7 36. Rxd7 Rc6 37. Rxc6+ Kxc6 38. Rxh7 1-0

[Event "Bad Wörishofen op 2012 28th"]
[Site "Bad Wörishofen (2.3.-10.3)"]
[Date "2012.03.10"]
[Round "9.69"]
[White "Stoll, Katja"]
[Black "Lochte, Szilvia"]
[Result "0-1"]
[WhiteElo "1711"]
[BlackElo "1814"]
[PlyCount "81"]
[EventDate "2012.03.??"]
[EventType "swiss"]
[EventRounds "9"]
[EventCountry "GER"]
[SourceDate "2013.02.18"]
[WhiteTeam "Ulm Weisse Dame SC"]
[BlackTeam "Starnberg SC"]

1. e4 c5 2. Nf3 e6 3. d4 cxd4 4. Nxd4 a6 5. a3 Nf6 6. Nc3 Qc7 7. Be3 d6 8. Be2
Nbd7 9. O-O b5 10. f3 Bb7 11. Qd2 Be7 12. Rad1 Rc8 13. Bf2 O-O 14. Rfe1 Rfd8
15. Rc1 Ne5 16. Nd1 d5 17. exd5 Nxd5 18. Ne3 Nf4 19. c3 Neg6 20. Qc2 Qe5 21.
Ng4 Qg5 22. Rcd1 h5 23. Ne3 Bd6 24. Bf1 Nh3+ 25. Kh1 Nxf2+ 26. Qxf2 h4 27. Ng4
e5 28. Nc2 e4 29. Qe3 Bf4 30. Rxd8+ Rxd8 31. Qb6 Ba8 32. Be2 Rd2 33. Qxa6 Bd5
34. Nb4 Rxe2 35. Rxe2 exf3 36. Re8+ Kh7 37. Qxb5 f5 38. Kg1 Qxg4 39. Rh8+ Kxh8
40. Qe8+ Kh7 41. Nxd5 0-1

[Event "Bad Wörishofen op 2012 28th"]
[Site "Bad Wörishofen (2.3.-10.3)"]
[Date "2012.03.10"]
[Round "9.70"]
[White "Herrmann, Matthias(07.62)"]
[Black "Wiesbeck, Florian"]
[Result "1/2-1/2"]
[WhiteElo "1775"]
[BlackElo "1615"]
[PlyCount "29"]
[EventDate "2012.03.??"]
[EventType "swiss"]
[EventRounds "9"]
[EventCountry "GER"]
[SourceDate "2013.02.18"]
[WhiteTeam "Karlsbad SF"]
[BlackTeam "AUT/Österreich"]
[BlackTeamCountry "AUT"]

1. f4 d5 2. Nf3 g6 3. e3 Bg7 4. Be2 Nh6 5. O-O c5 6. Bb5+ Nc6 7. Bxc6+ bxc6 8.
Qe2 Qc7 9. d3 O-O 10. Nc3 a5 11. Na4 Qa7 12. c4 f6 13. e4 e6 14. Be3 d4 15. Bd2
1/2-1/2

[Event "Bad Wörishofen op 2012 28th"]
[Site "Bad Wörishofen (2.3.-10.3)"]
[Date "2012.03.10"]
[Round "9.72"]
[White "Puetz, Peter(51)"]
[Black "Wiessner, Johann"]
[Result "0-1"]
[WhiteElo "1437"]
[BlackElo "1755"]
[PlyCount "110"]
[EventDate "2012.03.??"]
[EventType "swiss"]
[EventRounds "9"]
[EventCountry "GER"]
[SourceDate "2013.02.18"]
[WhiteTeam "Hennef SV"]
[BlackTeam "Lechhausen SC"]

1. c4 c6 2. Nc3 d5 3. d4 Nf6 4. Nf3 e6 5. e3 Nbd7 6. Be2 dxc4 7. Bxc4 b5 8. Bd3
a6 9. O-O c5 10. e4 Bb7 11. d5 Qc7 12. Re1 Bd6 13. h3 h6 14. Bd2 c4 15. Bf1
O-O-O 16. a4 b4 17. Na2 exd5 18. Rc1 b3 19. Qxb3 cxb3 20. Rxc7+ Bxc7 21. Nb4
Nxe4 22. Be3 Nb8 23. Rc1 Kd7 24. Bd4 f6 25. Nd3 Bd6 26. Be3 Rc8 27. Nd4 Rxc1
28. Nxc1 Nc5 29. Be2 Nxa4 30. Bg4+ Kc7 31. Ncxb3 Nc6 32. Ne6+ Kb8 33. Nxg7 Ne5
34. Bf5 Nxb2 35. f4 Nec4 36. Bc1 Rg8 37. Nh5 Rf8 38. g4 a5 39. Bxb2 Nxb2 40.
Nxa5 Bc5+ 41. Kh2 Bd4 42. Nb3 Bc3 43. Ng3 Re8 44. Nc5 Bc8 45. Bc2 Bb7 46. h4
Bd2 47. f5 Bf4 48. Ne6 Nc4 49. Ba4 Bxg3+ 50. Kxg3 Rc8 51. g5 hxg5 52. hxg5 fxg5
53. f6 Nd6 54. Nxg5 Rf8 55. Nh7 Rf7 0-1

[Event "Bad Wörishofen op 2012 28th"]
[Site "Bad Wörishofen (2.3.-10.3)"]
[Date "2012.03.10"]
[Round "9.73"]
[White "Hirstel, Serge"]
[Black "Rennenkampff, Juergen"]
[Result "1-0"]
[WhiteElo "1768"]
[BlackElo "1678"]
[PlyCount "127"]
[EventDate "2012.03.??"]
[EventType "swiss"]
[EventRounds "9"]
[EventCountry "GER"]
[SourceDate "2013.02.18"]
[WhiteTeam "FRA/Frankreich"]
[BlackTeam "Trudering SC"]
[WhiteTeamCountry "FRA"]

1. e4 e5 2. Nf3 Nc6 3. Bb5 a6 4. Bxc6 dxc6 5. O-O Bg4 6. h3 h5 7. d3 Bxf3 8.
Qxf3 Qf6 9. Qxf6 Nxf6 10. f4 Bd6 11. f5 Nd7 12. Kh1 O-O-O 13. Nd2 Be7 14. Nf3
Bf6 15. b4 c5 16. bxc5 Nxc5 17. Bd2 Rhe8 18. a4 Nd7 19. Bc3 Nb8 20. a5 Nc6 21.
Rfb1 Nd4 22. Bxd4 exd4 23. Ra4 c5 24. Nd2 Rd7 25. Nc4 Bd8 26. Ra2 Ree7 27. Rab2
f6 28. g3 Kb8 29. Kg2 Ka7 30. Kf2 Rf7 31. g4 hxg4 32. hxg4 Kb8 33. Rh1 Rf8 34.
Rh7 Bc7 35. Rb1 Ka7 36. Ke2 Rff7 37. Rbh1 Rd8 38. Kf3 Rdd7 39. R1h4 b5 40.
axb6+ Bxb6 41. e5 Rfe7 42. e6 Rd5 43. Rh8 Rd8 44. Rxd8 Bxd8 45. Rh8 Bc7 46. Ke4
a5 47. Rf8 a4 48. Rf7 Bd8 49. Kd5 Rxf7 50. exf7 Be7 51. Ke6 Ka6 52. Kd7 Bf8 53.
Ke8 Bd6 54. f8=Q Bxf8 55. Kxf8 Kb5 56. Kxg7 Kb4 57. Kxf6 a3 58. Nxa3 Kxa3 59.
Ke5 Kb2 60. f6 Kxc2 61. f7 Kxd3 62. f8=Q Kc4 63. Qf7+ Kc3 64. Qd5 1-0

[Event "Bad Wörishofen op 2012 28th"]
[Site "Bad Wörishofen (2.3.-10.3)"]
[Date "2012.03.10"]
[Round "9.75"]
[White "Lindenmair, Anton"]
[Black "Klein, Reinhard"]
[Result "1/2-1/2"]
[WhiteElo "1975"]
[BlackElo "1752"]
[PlyCount "78"]
[EventDate "2012.03.??"]
[EventType "swiss"]
[EventRounds "9"]
[EventCountry "GER"]
[SourceDate "2013.02.18"]
[WhiteTeam "DBSB (Blindenschachbund)"]
[BlackTeam "München RTA"]

1. d4 Nf6 2. c4 c5 3. e3 g6 4. Nc3 cxd4 5. exd4 Bg7 6. Nf3 d6 7. Be2 O-O 8. O-O
Na6 9. b3 Bg4 10. Bb2 Qd7 11. h3 Bxf3 12. Bxf3 d5 13. Nxd5 Nxd5 14. Bxd5 Nb4
15. Bf3 Rfd8 16. Qd2 Nc6 17. Bxc6 bxc6 18. Rad1 a5 19. d5 cxd5 20. Bxg7 Kxg7
21. cxd5 Kg8 22. Qe2 Qb7 23. Rfe1 Rd7 24. Rd2 a4 25. bxa4 Rxa4 26. Red1 Qa6 27.
Qxa6 Rxa6 28. Kf1 Rda7 29. Ra1 Kg7 30. f4 Ra4 31. g3 Rd7 32. Rad1 Rda7 33. Re1
Ra3 34. Kf2 Rxa2 35. Rxa2 Rxa2+ 36. Ke3 h5 37. Kd4 Ra4+ 38. Kc5 h4 39. gxh4
Rxf4 1/2-1/2

[Event "Bad Wörishofen op 2012 28th"]
[Site "Bad Wörishofen (2.3.-10.3)"]
[Date "2012.03.10"]
[Round "9.77"]
[White "Schaefer, Michael(59)"]
[Black "Schellmann, Frank"]
[Result "1/2-1/2"]
[WhiteElo "2135"]
[BlackElo "2004"]
[PlyCount "36"]
[EventDate "2012.03.??"]
[EventType "swiss"]
[EventRounds "9"]
[EventCountry "GER"]
[SourceDate "2013.02.18"]
[WhiteTeam "Mörlenbach-Birkenau FB"]
[BlackTeam "Halle Einheit SC"]

1. d4 Nf6 2. c4 g6 3. Nc3 d5 4. Bg5 Ne4 5. Bh4 Nxc3 6. bxc3 dxc4 7. Qa4+ Qd7 8.
Qxc4 b6 9. Bg3 c5 10. dxc5 Bg7 11. Rc1 O-O 12. Nf3 Ba6 13. Qb3 bxc5 14. c4 Nc6
15. e4 e5 16. Be2 Rab8 17. Qa3 Qc8 18. Nd2 f5 1/2-1/2

[Event "Bad Wörishofen op 2012 28th"]
[Site "Bad Wörishofen (2.3.-10.3)"]
[Date "2012.03.10"]
[Round "9.78"]
[White "Ellinger, Peter"]
[Black "Weisenburger, Horst"]
[Result "0-1"]
[WhiteElo "1923"]
[BlackElo "2100"]
[PlyCount "40"]
[EventDate "2012.03.??"]
[EventType "swiss"]
[EventRounds "9"]
[EventCountry "GER"]
[SourceDate "2013.02.18"]
[WhiteTeam "Lister Turm SK(DBSB)"]
[BlackTeam "Böblingen SC"]

1. e4 d5 2. exd5 Qxd5 3. Nc3 Qd6 4. d4 Nf6 5. Be2 h6 6. Be3 Nc6 7. Nf3 Bf5 8.
Qd2 O-O-O 9. O-O-O Nb4 10. Bf4 Qb6 11. Ne5 Nxc2 12. Na4 Qb4 13. Nxf7 Qxa4 14.
Nxd8 Nb4 15. Bc4 Ne4 16. Qe2 Nxa2+ 17. Bxa2 Qxa2 18. Qe3 Qc4+ 19. Kb1 Nd2+ 20.
Ka1 Nb3+ 0-1